[Event "67th Warsaw-ch A 2018"]
[Site "Warsaw"]
[Date "2018.11.19"]
[Round "9"]
[White "Deszczynski, Adam"]
[Black "Nguyen, Piotr"]
[Result "1/2-1/2"]
[WhiteElo "2315"]
[BlackElo "2393"]
[Annotator "TA"]
[PlyCount "84"]
[EventDate "2018.11.12"]
[EventCountry "POL"]
[SourceTitle "playchess.com"]
[Source "ChessBase"]
[SourceQuality "1"]

{[%evp 18,84,41,0,39,30,39,31,33,37,53,38,34,26,32,25,45,50,40,40,54,35,14,0,0,0,40,47,43,55,41,33,27,0,0,0,0,0,0,0,0,0,0,0,0,0,0,0,0,0,0,0,0,0,0,0,0,0,0,0,0,0,0,0,0,0,0,0,0]} 1. e4 c5 2. Nf3 g6 3. d4 cxd4 4. Nxd4 Nc6 5. c4 Nf6 6. Nc3 d6 7. Nc2 Bg7 8. Be2 O-O 9. O-O Be6 10. b3 {LiveBook: 4 Games} Rc8 {B37: Sicilian: Maroczy Bind with 5...Bg7, sidelines} (10... Nd7 $5 {[%cal Rg7c3]} 11. Qd2 Nc5 $11) (10... Qa5 11. Bd2 Rfc8 12. Rb1 Qd8 13. f4 a6 14. a4 Ne8 15. Kh1 f5 16. exf5 Bxf5 17. Rc1 Nc7 18. Ne3 {1-0 (30) Miton,K (2614)-Nguyen,P (2446) Katowice 2016}) 11. Be3 Nd7 12. Nd4 Nxd4 $146 {White is slightly better.} ({Predecessor:} 12... Nc5 13. Rb1 a5 14. a3 Bd7 15. f3 Ne6 16. Nxc6 bxc6 {0-1 (31) Hein,T-Cornea,R Marijampole 1994}) 13. Bxd4 a6 14. Rc1 Qa5 15. Bxg7 Kxg7 16. f4 f6 17. Bg4 Bxg4 18. Qxg4 Nc5 19. Qe2 b5 20. Nd5 {And now b4 would win.} e6 $1 {[%cal Re6d5]} 21. b4 {[%mdl 64] [#] Double Attack} Qd8 (21... Qa3 $5 {[%cal Re6d5]} 22. Rc3 (22. bxc5 exd5 23. cxd6 Rxc4 $11) 22... Qa4 $14) 22. Nc3 Na4 23. Nxa4 bxa4 24. Qe3 a5 25. Qa7+ (25. b5 {is interesting.} Rc5 26. f5 exf5 27. exf5 Qc7 28. fxg6 hxg6 29. Rfd1) 25... Rf7 $1 {[%cal Rf7a7] The position is equal.} 26. Qxa5 Qxa5 27. bxa5 $11 {[%mdl 4096] Endgame KRR-KRR} Ra7 28. Rfd1 Rc6 29. Rb1 Rxa5 30. Rb7+ Kh6 31. g4 {[#] Rd3 is the strong threat.} Rac5 32. Rd3 Rc7 33. Rxc7 Rxc7 34. Rxd6 {KR-KR} e5 35. Rxf6 Rxc4 36. Kf2 exf4 37. h4 Kg7 38. e5 h6 39. g5 hxg5 40. hxg5 Rc5 41. Rxf4 Rxe5 42. Rxa4 Rxg5 {Accuracy: White = 70%, Black = 76%.} 1/2-1/2

[Event "67th Warsaw-ch A 2018"]
[Site "Warsaw"]
[Date "2018.11.19"]
[Round "9"]
[White "Kowalski, Igor"]
[Black "Jakubowski, Krzysztof"]
[Result "0-1"]
[WhiteElo "2293"]
[BlackElo "2510"]
[Annotator "TA"]
[PlyCount "102"]
[EventDate "2018.11.12"]
[EventCountry "POL"]
[SourceTitle "playchess.com"]
[Source "ChessBase"]
[SourceQuality "1"]

{[%evp 9,102,6,74,58,64,64,57,41,45,33,34,23,47,33,42,32,68,32,70,75,82,77,76,46,54,47,62,49,89,82,130,109,156,118,152,49,61,57,56,47,48,22,71,69,147,125,143,108,145,45,288,240,239,200,195,203,197,212,243,235,264,269,253,0,0,0,0,0,0,0,0,0,0,0,0,0,1,0,0,0,79,0,0,0,0,0,0,-2180,-2137,-29992,-29993,-29993,-29994,-29997,-29998]} 1. d4 Nf6 2. c4 e6 3. Nf3 b6 4. a3 Bb7 5. Nc3 Bxf3 {LiveBook: 11 Games} (5... d5 $11) (5... Ne4 6. Nxe4 Bxe4 7. Nd2 Bg6 8. g3 Nc6 9. e3 e5 10. d5 Na5 11. Bg2 Bd6 12. b4 Nb7 13. Bb2 a5 14. O-O O-O 15. Qb3 Qe7 16. Bc3 {1-0 (54) Korobov,A (2664)-Rapport,R (2719) Abu Dhabi 2018}) 6. exf3 {E12: Queen's Indian: Unusual White 4th moves, 4 a3, 4 Nc3 Bb7 5 a3 and 4 Nc3 Bb7} Be7 7. Be3 O-O 8. Bd3 $146 {White is slightly better.} ({Predecessor:} 8. Be2 d5 9. Rc1 c6 10. O-O Ne8 11. cxd5 exd5 12. Rc2 Nd6 13. Na2 {0-1 (50) Antreasyan,E (1900)-Fries Nielsen,J (2395) Copenhagen 1994}) 8... d5 9. O-O dxc4 10. Bxc4 c6 11. Rc1 a5 12. Bd3 Ra7 13. Bb1 Nd5 14. Nxd5 exd5 15. Qd3 {[%csl Gb1][%cal Rd3h7]} g6 16. Rfe1 Bd6 17. g3 Re7 $1 18. Kg2 Re6 19. h4 {[%cal Bh2h4,Bh4h5][%mdl 32]} Rfe8 20. h5 Bf8 21. Rh1 Nd7 22. Rh3 ({White should play} 22. hxg6 $16 fxg6 23. f4) 22... Bg7 $14 23. g4 c5 24. hxg6 hxg6 25. Rch1 c4 26. Qd2 Qe7 (26... b5 $14) 27. f4 $1 $16 Nf6 28. Qd1 Re4 29. Qf3 (29. g5 $16 Nd7 30. Qf3 (30. Bxe4 Qxe4+ 31. Kg3 Nf8 $16)) 29... c3 $2 ({Better is} 29... Qd7 $1 $14) 30. bxc3 ({Weaker is} 30. Bxe4 dxe4 31. Qe2 cxb2 $16) 30... Qxa3 31. g5 Rxe3 32. fxe3 Ne4 33. Bxe4 $1 Rxe4 34. f5 {f6 would kill now.} gxf5 35. Qxf5 Qb2+ 36. Kf3 $2 (36. Qf2 $1 $18 {[%cal Rf2b2]} Qb5 37. Rf1) 36... Qxc3 $11 37. Rh8+ {[%mdl 64] Decoy} Bxh8 38. Qh7+ {[%mdl 64] Double Attack} Kf8 39. Qxh8+ {[%mdl 4096] Endgame KQR-KQR} Ke7 40. Qf6+ {[%mdl 64] Double Attack} Kd7 41. Qxf7+ {[%mdl 64] Double Attack} Re7 42. Qf5+ Kc7 $132 {[%mdl 2048] Black has counterplay} 43. Qf4+ Kb7 $1 44. g6 {Rh7 is the strong threat.} Ka6 (44... Qd3 $11 {keeps the balance.} 45. Rg1 Rg7) 45. Qg5 (45. Rg1 $1 $16 Rg7 46. Qf8) 45... Re8 46. g7 {Black must now prevent Rh8.} Qd3 {Hoping for ...Qe4+.} 47. Rh8 Qf1+ 48. Kg4 $2 {[%mdl 8192] [#]} (48. Kg3 $11 Qg1+ {[%mdl 64] Double Attack} 49. Kh4 Qh1+ 50. Kg4 Rxh8 51. gxh8=R Qxh8 52. Qxd5) 48... Re4+ $1 $19 49. Kh5 {[#]} Qf3+ $1 {[%mdl 64] Double Attack. Black mates.} 50. Kh6 Re6+ 51. Kh7 Qe4+ {Accuracy: White = 47%, Black = 60%.} 0-1

[Event "67th Warsaw-ch A 2018"]
[Site "Warsaw"]
[Date "2018.11.19"]
[Round "9"]
[White "Mickiewicz, Piotr"]
[Black "Rozycki, Bartlomiej"]
[Result "0-1"]
[WhiteElo "2243"]
[BlackElo "2138"]
[Annotator "TA"]
[PlyCount "58"]
[EventDate "2018.11.12"]
[EventCountry "POL"]
[SourceTitle "playchess.com"]
[Source "ChessBase"]
[SourceQuality "1"]

{[%evp 13,58,-80,8,0,12,39,53,46,53,45,37,31,70,61,83,85,62,37,48,44,71,59,93,13,79,54,72,70,43,39,0,0,0,-297,-295,-285,-284,-294,-282,-695,-690,-843,-825,-1040,-1038,-29991,-29992]} 1. Nf3 d5 2. c4 d4 3. e3 Nc6 4. b4 dxe3 5. fxe3 Nxb4 (5... e5 6. b5 Nb4 7. Nc3 Bf5 8. e4 Bg4 9. a3 Bxf3 10. gxf3 Nd3+ 11. Bxd3 Qxd3 12. Qe2 {1-0 (30) Iturrizaga Bonelli,E (2636)-Xiong,J (2651) chess.com INT 2018}) 6. d4 {A09: Réti Opening: 1 Nf3 d5 2 c4} e5 7. a3 e4 {LiveBook: 3 Games} (7... Nc6 $17) 8. Ne5 $11 {The position is equal.} Nc6 {Hoping for ...Nxe5.} 9. Qa4 Bd7 10. Nxd7 Qxd7 11. Nc3 Nf6 12. Rb1 {[%mdl 1024] White has compensation.} Nd8 $146 13. Qc2 Qf5 14. g3 Be7 15. Rb5 c5 16. Bg2 $1 {[%cal Rc3e4]} O-O 17. Nxe4 Kh8 {[#]} 18. Qb1 (18. d5 $1 $16) 18... a6 (18... Re8 $11) 19. Nxc5 (19. Nxf6 $5 {[%cal Rb1f5]} Qxb1 20. Rxb1 Bxf6 21. d5 $16 (21. dxc5 Rc8 $14)) 19... Qg4 20. Ra5 Nc6 21. Bxc6 bxc6 22. O-O Bxc5 $1 23. Rf4 $2 {[%mdl 8192] [#]} (23. Rxc5 $11 {and White has nothing to worry.} Ne4 24. Rcf5 (24. Rxc6 Nxg3 25. hxg3 Qxg3+ 26. Kh1 Qh3+ {[%mdl 64] Double Attack} 27. Kg1 Qg3+ 28. Kh1 Qh3+ {[%mdl 64] Double Attack} 29. Kg1 Qg3+ $11)) 23... Qd1+ $1 $19 ({Not} 23... Qe2 24. Rxc5 Rac8 25. Qf5 $14) 24. Rf1 Qe2 25. Rxc5 Rab8 ({Worse is} 25... Ng4 26. Qb2 $16 (26. Rh5 f5 $15)) 26. Qf5 $2 (26. Qa1) 26... Ng4 {[%csl Gg4][%cal Re2h2][%mdl 64] Double Attack} 27. Qh5 Rb1 28. Rcf5 g6 {[%cal Bg7g6,Bg6f5][%mdl 96] Double Attack} 29. Qh4 gxf5 {Accuracy: White = 40%, Black = 43%.} 0-1

[Event "67th Warsaw-ch A 2018"]
[Site "Warsaw"]
[Date "2018.11.19"]
[Round "9"]
[White "Wiech, Grzegorz"]
[Black "Kokoszczynski, Jan"]
[Result "0-1"]
[WhiteElo "2238"]
[BlackElo "2245"]
[Annotator "TA"]
[PlyCount "50"]
[EventDate "2018.11.12"]
[EventCountry "POL"]
[SourceTitle "playchess.com"]
[Source "ChessBase"]
[SourceQuality "1"]

{[%evp 22,50,0,0,0,0,106,104,140,27,31,-384,-401,-520,-515,-545,-531,-565,-569,-549,-541,-570,-558,-634,-631,-612,-620,-600,-597,-600,-564]} 1. e4 c5 2. Nf3 d6 3. d4 cxd4 4. Nxd4 Nf6 5. Nc3 a6 6. Bg5 Nbd7 7. f4 Qc7 8. Qf3 {B94: Sicilian Najdorf: 6 Bg5 Nbd7} h6 (8... b5 9. O-O-O Bb7 10. g4 g6 11. Bxf6 Nxf6 12. g5 Nd7 13. Nd5 Bxd5 14. exd5 Bg7 15. Nc6 Nb8 {½-½ (40) Fier,A (2570)-Banikas,H (2591) Rio Achaea 2018}) 9. Bh4 g5 10. fxg5 hxg5 11. Bxg5 Qc5 12. Qe3 {LiveBook: 11 Games} Ng4 13. Qd2 e6 (13... Bg7 $11 14. Nb3 Bxc3 15. bxc3 Qc6) 14. Be2 $146 ({Predecessor:} 14. O-O-O Nf2 15. Qxf2 Qxg5+ {0-1 (36) Papp,G (2383)-Hajbok,R (2272) Hungary 2012}) 14... Nde5 15. O-O-O (15. Na4 $16 Qa7 16. h3 (16. Bxg4 Nxg4 17. h3 Bd7 $16)) 15... Nf2 $11 16. Nxe6 $2 {[%mdl 8192]} (16. Nb3 $14 {keeps the upper hand.} Qb6 17. h4 (17. Be3 $2 Qxe3 18. Qxe3 Bh6 $17)) 16... Bxe6 $19 17. Be3 {[#]} Qxe3 $1 {[%mdl 512] Black is clearly winning.} 18. Qxe3 Bh6 19. Qxh6 Rxh6 20. h3 Nxh1 21. Rxh1 Ke7 22. Kd2 Rg8 23. Rh2 Rhg6 24. Bf1 Bc4 25. Ke1 Bxf1 0-1

[Event "67th Warsaw-ch A 2018"]
[Site "Warsaw"]
[Date "2018.11.19"]
[Round "9"]
[White "Praczukowski, Stanislaw"]
[Black "Pietruszewski, Marcin"]
[Result "1-0"]
[WhiteElo "2140"]
[BlackElo "2242"]
[Annotator "TA"]
[PlyCount "123"]
[EventDate "2018.11.12"]
[EventCountry "POL"]
[SourceTitle "playchess.com"]
[Source "ChessBase"]
[SourceQuality "1"]

{[%evp 25,123,28,31,28,31,26,51,0,0,7,0,-64,-47,-48,-11,-15,-10,-12,-8,-8,-17,-14,0,0,0,0,7,-12,-14,-6,0,0,0,0,0,0,0,0,14,1,113,72,126,85,118,68,108,108,108,108,298,270,272,222,221,193,342,317,252,252,614,558,839,551,904,675,1197,1180,1079,1062,1111,1118,1623,1447,1345,1282,29969,29968,29965,11662,29970,5065,29981,29982,29982,29983,29984,29985,29985,29986,29986,29987,29987,29988,29988,29989,29989,29990,29990,29991]} 1. d4 d5 2. c4 c6 3. cxd5 cxd5 4. Bf4 Nc6 5. e3 Nf6 6. Nc3 a6 7. Bd3 Bg4 8. Nge2 e6 9. O-O Be7 10. Rc1 O-O {D10: Slav Defence: 3 cxd5 (without early Nf3) and 3 Nc3} 11. Na4 Nd7 12. f3 Bh5 13. Qb3 Ra7 {LiveBook: 27 Games} 14. Rfd1 Bg6 15. Bxg6 hxg6 {[#]} 16. Nc5 $146 (16. e4 $14) ({Predecessor:} 16. e4 Na5 17. Qc3 b5 18. Nc5 {½-½ (32) Persson,C (2563)-Vesely,P (2581) ICCF email 2014}) 16... Nxc5 17. dxc5 Qa5 18. Qa3 (18. Nd4 $11) 18... Qxa3 $15 19. bxa3 Rc8 20. e4 e5 21. exd5 exf4 22. dxc6 Rxc6 23. Rd5 Kf8 24. Nxf4 b6 {[%cal Rc6c5]} 25. Nd3 Rac7 26. Rb1 Bxc5+ $1 27. Nxc5 Rxc5 28. Rxc5 bxc5 $11 {[%mdl 4096] Endgame KR-KR} 29. Kf2 Rc6 30. Ke3 Ke7 31. Kd3 Kd6 32. Kc4 Ke5 (32... Kc7 $1 $11) 33. g3 Rc7 (33... Rd6 $142) 34. Rd1 Ke6 35. Rd2 Rc6 36. a4 Rd6 37. Re2+ Kf5 $2 {[#]} (37... Kd7 $16 {is a better defense.}) 38. Kxc5 $18 Rd3 39. f4 Kg4 40. a5 Kh3 (40... g5 {was necessary.} 41. fxg5 Kxg5) 41. Kb6 Rd6+ 42. Kb7 f5 $2 {[#]} (42... f6 43. Rb2 Re6) 43. Rb2 Rf6 44. a3 Re6 45. Rb6 Re7+ 46. Kxa6 g5 47. Rb7 Re6+ 48. Kb5 g4 49. a6 Re8 50. a7 Ra8 51. Rxg7 Kxh2 52. Kb6 Kxg3 53. Kb7 Rxa7+ 54. Kxa7 {White mates.} Kxf4 {KR-KPP} 55. Kb6 Kg3 56. a4 f4 57. a5 f3 58. a6 f2 59. Rf7 Kg2 60. a7 f1=Q 61. Rxf1 Kxf1 62. a8=Q {Accuracy: White = 68%, Black = 33%.} 1-0

[Event "67th Warsaw-ch A 2018"]
[Site "Warsaw"]
[Date "2018.11.19"]
[Round "9"]
[White "Agirretxe San Sebastian, Jesus M"]
[Black "Sanz Wawer, Daniel"]
[Result "1/2-1/2"]
[WhiteElo "2125"]
[BlackElo "2192"]
[Annotator "NA RC"]
[PlyCount "63"]
[EventDate "2018.11.12"]
[EventCountry "POL"]
[SourceTitle "playchess.com"]
[Source "ChessBase"]
[SourceQuality "1"]

{[%evp 15,57,0,2,32767,32767,32767,32767,32767,32767,0,0,2,0,14,29,24,27,25,26,34,45,32767,32767,43,32767,32767,32767,32767,51,32767,41,24,45,26,21,12,34,43,43,48,50,32,51,47]} 1. e4 c6 2. d4 d5 3. Nc3 dxe4 4. Nxe4 Bf5 5. Ng3 Bg6 6. Nh3 Nf6 7. Nf4 e5 8. Nxg6 hxg6 9. dxe5 Qa5+ 10. Bd2 Qxe5+ 11. Qe2 Nbd7 12. O-O-O {B18: Classical Caro-Kann: 4...Bf5 sidelines} Qxe2 13. Bxe2 Bc5 14. f3 O-O-O {LiveBook: 3 Games} 15. Bc4 {[#]} Ne5 $146 ({Predecessor:} 15... Rdf8 16. a3 Nb6 17. Ba2 Nbd5 18. Nf1 Bd6 19. g3 Rh5 {½-½ (68) Can,E (2464)-Bindrich,F (2517) Dresden 2008}) 16. Bb3 Nd5 17. Rhe1 f6 18. Ne4 Bb6 19. h3 Bc7 20. f4 Nd7 21. Bxd5 cxd5 22. Nc3 Nb6 $1 23. Nb5 Bb8 $1 24. Nd4 Rhe8 25. f5 gxf5 $14 (25... Be5 $5 {[%cal Re5d4]} 26. Ne6 Rd7 $11) 26. Nxf5 Rxe1 27. Rxe1 Be5 28. b3 Rd7 29. Nh4 Rd8 30. Nf5 Rd7 31. Nh4 Rd8 32. Nf5 1/2-1/2

[Event "67th Warsaw-ch A 2018"]
[Site "Warsaw"]
[Date "2018.11.19"]
[Round "9"]
[White "Maj, Pawel"]
[Black "Choroszej, Aleksander"]
[Result "1/2-1/2"]
[WhiteElo "2064"]
[BlackElo "2055"]
[Annotator "NA RC"]
[PlyCount "45"]
[EventDate "2018.11.12"]
[EventCountry "POL"]
[SourceTitle "playchess.com"]
[Source "ChessBase"]
[SourceQuality "1"]

1. d4 g6 2. c4 Bg7 3. g3 Nf6 4. Nf3 O-O 5. Bg2 d6 6. O-O Nc6 7. Nc3 a6 8. Qd3 e5 9. dxe5 {E63: King's Indian: Fianchetto: Panno Variation with 7...a6} dxe5 10. Qxd8 Rxd8 11. Bg5 Re8 12. Nd5 (12. Nd2 Nd4 13. Rfd1 Ne6 14. Bxf6 Bxf6 15. Rac1 Kg7 16. c5 Nxc5 {½-½ (31) Erdos,V (2628)-Amin,B (2680) Tbilisi 2017}) 12... Nxd5 13. cxd5 Nd4 {[#]} 14. e4 $146 ({Predecessor:} 14. Nxd4 exd4 15. Rac1 Be5 16. Bf3 Bh3 {0-1 (34) Lesiege,A (2521)-Sanhueza,C (2257) chess.com INT 2017}) 14... c5 15. Nxd4 cxd4 16. Rac1 f6 17. Bd2 Bf8 18. Ba5 b6 19. Bd2 Bd7 $11 20. Rc7 Red8 21. Rfc1 Bd6 22. Rb7 Rab8 23. Rxb8 1/2-1/2

[Event "67th Warsaw-ch A 2018"]
[Site "Warsaw"]
[Date "2018.11.19"]
[Round "9"]
[White "Trybus, Daniel"]
[Black "Grochulski, Grzegorz"]
[Result "1-0"]
[WhiteElo "1860"]
[BlackElo "1996"]
[Annotator "NA RC"]
[PlyCount "61"]
[EventDate "2018.11.12"]
[EventCountry "POL"]
[SourceTitle "playchess.com"]
[Source "ChessBase"]
[SourceQuality "1"]

{[%evp 26,60,23,0,33,32767,32,20,32767,32767,40,27,32767,39,59,0,32767,0,0,0,32767,32767,78,39,125,85,1674,29987,1787,5477,1758,29989,29996,1811,29990,3246,2960]} 1. d4 Nf6 2. c4 e6 3. Nc3 Bb4 4. Qc2 O-O 5. Bg5 h6 6. Bh4 d6 7. Nf3 Nbd7 8. a3 Bxc3+ 9. Qxc3 b6 10. e3 Bb7 11. Bd3 e5 {E32: Nimzo-Indian: Classical (4 Qc2): 4...0-0} (11... c5 12. O-O Rc8 13. b4 Bxf3 14. gxf3 cxd4 15. Qxd4 Ne5 16. Kg2 Qc7 17. Be2 g5 18. Bg3 Rfd8 19. Rac1 {1-0 (41) Vo,T (2380)-Galojan,L (2300) Riadh 2017}) 12. dxe5 dxe5 13. Bf5 Qe7 14. O-O Bxf3 15. gxf3 Rfe8 16. Rad1 Nf8 17. b4 Rad8 $146 ({Predecessor:} 17... g5 18. Bg3 Nh5 19. Rd5 Nxg3 20. hxg3 {1-0 (37) Lukenda,T (2062)-Sulc,G (1848) Mali Losinj 2017}) 18. Rxd8 Rxd8 19. Bg3 N6d7 20. f4 (20. Rd1 $14) 20... h5 21. fxe5 h4 22. Bf4 g5 23. Kh1 gxf4 24. Rg1+ Kh8 (24... Ng6 $14) 25. exf4 Ne6 $2 (25... Ng6) 26. Qf3 Ng7 27. Qg4 Rg8 28. Bxd7 f5 29. Bxf5 (29. Qg6 $142 Re8 30. Qh6+ Kg8 {[#]} 31. Be6+ $1 {[%mdl 576] Deflection} Qxe6 32. Qxg7#) 29... Qf7 30. Qxh4+ $18 (30. Bg6 $142 Qe7 31. f5 Re8 32. Bxe8 Qf8 33. Qxh4+ Kg8 34. f6 c5 35. Qh6 {[%mdl 64] Pin} Qf7 36. Rxg7+ {[%mdl 64] Double Attack} Kf8 37. Rxf7+ Kxe8 38. Qf8#) 30... Nh5 31. Bg6 1-0